Η εποχή της σύγχυσης : η δεκαετία του '40 και η ιστοριογραφία
Αποθηκεύτηκε σε:
| Άλλοι συγγραφείς: | , |
|---|---|
| Μορφή: | Βιβλίο |
| Γλώσσα: | Greek |
| Δημοσίευση: |
Αθήνα :
Βιβλιοπωλείον της "Εστίας", Ι.Δ. Κολλάρου & Σίας Α.Ε.,
2008.
|
| Σειρά: | Ιστορία και πολιτική (Εστία)
|
| Θέματα: | |
| Ετικέτες: |
Προσθήκη ετικέτας
Δεν υπάρχουν, Καταχωρήστε ετικέτα πρώτοι!
|
MARC
| LEADER | 00000cam a2200000 i 4500 | ||
|---|---|---|---|
| 001 | 1/2636 | ||
| 008 | 091221s2008 gr | ||| |||| ||gre|| | ||
| 020 | |a 9789600514001 | ||
| 035 | |l 10106088 | ||
| 040 | |a GR-MY-UA |b gre |e aacr | ||
| 041 | 0 | |a gre | |
| 082 | 7 | |a 938.706 |2 (22) | |
| 082 | 7 | |a 938.7 |2 (22) | |
| 245 | 0 | 2 | |a Η εποχή της σύγχυσης : |b η δεκαετία του '40 και η ιστοριογραφία / |c επιμέλεια: Γιώργος Αντωνίου, Νίκος Μαραντζίδης. |
| 260 | |a Αθήνα : |b Βιβλιοπωλείον της "Εστίας", |b Ι.Δ. Κολλάρου & Σίας Α.Ε., |c 2008. | ||
| 300 | |a 583 σ. : |b διαγρ. ; |c 23 εκ. | ||
| 490 | 1 | |a (Ιστορία και πολιτική /Εστία) | |
| 504 | |a Βιβλιογραφία: σ. [537]-578. Ευρετήριο. | ||
| 650 | 0 | 0 | |a Historiography |z Europe. |
| 650 | 0 | 0 | |a Historiography |z United States. |
| 651 | 0 | |a Greece |x History |y Occupation, 1941-1944 |x Historiography. | |
| 651 | 0 | |a Greece |x History |y Civil War, 1944-1949 |x Historiography. | |
| 700 | 1 | |a Αντωνίου, Γιώργος, |e edt | |
| 700 | 1 | |a Μαραντζίδης, Νίκος Α., |d 1966- |e edt | |
| 830 | 0 | |a Ιστορία και πολιτική (Εστία) | |
| 852 | |a INST |b LESVOS |e 20091221 |h 938.706 ΕΠΟ |p 005100045884 |q 005100045884 |t BK |y 0 | ||
| 852 | |a INST |b SYROS |e 20110603 |h 938.7 ΕΠΟ |p 005500009124 |q 005500009124 |t BK |y 0 | ||
| 901 | |a BIBL5-2011-2 | ||
| 901 | |a BIBL1-2009-4 | ||
| 909 | |a Ε |b 165606 | ||
| 909 | |a Λ |b 160053 | ||
| 970 | |a ΓΙΑΛΑΜΑ |b ΜΑΡΙΑ |z 2009/12/21 | ||